000 00565nam a22001817a 4500
999 _c186099
_d186099
005 20220215095907.0
010 _aENG-131573
020 _a9789385606243
_c595.00
035 _aEN-115105
037 _bDBAD
082 _a331.4847950954792
100 _aDalwai, Sameena
245 _aBans & Bar Girls:
_bPerforming Caste in Mumbai's Dance Bars/
_cSameena Dalwai
260 _aNew Delhi
_bWomen Unlimited
_c2019
270 _a7/10, Sarvapriya Vihar
_bNew Delhi
_e110016
300 _a242p.
_c22cm(hbk)
942 _2ddc
_cEN
_h331.4847950954792
_mDAL